[Event "CZE-ch U12 Girls"]
[Site "Sec u Chrudimi"]
[Date "2008.03.10"]
[Round "4"]
[White "Tyllerova, Michaela"]
[Black "Sikulova, Tereza"]
[Result "1-0"]
[WhiteElo "1100"]
[BlackElo "1100"]
[PlyCount "83"]
[EventDate "2008.03.08"]
[EventType "swiss"]
[EventRounds "9"]
[EventCountry "CZE"]
[SourceTitle "EXT 2009"]
[Source "ChessBase"]
[SourceDate "2008.11.26"]
[SourceVersion "1"]
[SourceVersionDate "2008.11.26"]
[SourceQuality "1"]

1. e4 e5 2. Nf3 Nc6 3. Bc4 Nf6 4. Ng5 Qe7 5. d3 d5 6. exd5 Nd4 7. 0-0 Qd6 8. Nc3 a6 9. Re1 Be7 10. Be3 0-0 11. Qd2 Bf5 12. f3 Rad8 13. Qf2 b5 14. Bb3 h6 15. Nge4 Qd7 16. Nxf6+ Bxf6 17. Ne2 c5 18. c3 Qa7 19. cxd4 exd4 20. Bf4 Rfe8 21. a4 bxa4 22. Bxa4 Re7 23. Bb5 Qb6 24. Bxa6 Qxb2 25. Rab1 Qa3 26. Bb5 Rxd5 27. Qg3 g5 28. Bc1 Qa5 29. Rd1 Be5 30. f4 Bd6 31. Qf3 Qa8 32. fxg5 hxg5 33. Bc4 Rde5 34. Qxa8+ Kg7 35. Bxg5 Rxe2 36. Bxe7 Bxe7 37. Rb8 Rc2 38. Rg8+ Kf6 39. Bd5 Rc3 40. Qa6+ Ke5 41. Re1+ Kf4 42. Qh6+ 1-0